02294nam a22004097a 4500003000900000008004100009040007100050082002300121110003100144245007300175260005500248300002900303440007000332505094200402650002601344650001501370650002101385650001601406650001201422650002401434650002101458650001601479700002701495700002701522700003101549700001901580700002801599700002201627700002701649700002801676700002701704700003101731700003101762700002601793700002501819700004001844AR-CdUCM190425b ||||| |||| 00| 0 spa d aMUNICIPALIDAD PROVINCIAL DEL CUSCOcBIBLIOTECA MUNICIPAL DEL CUSCO aRev.AHC/N°15/2000 aArchivo Regional del Cusco aRevista del Archivo Regional del Cusco /cArchivo Regional del Cusco aCusco :b[s.n]bArchivo Regional del Cusco,c2000. a212 páginas. :c23 cm. aRevista del Archivo Histórico Regional del Cusco.nN°15, 2000. aContenido: La casa del puente, tendencia de la propiedad urbana en el Cuzco 1755-1900. -- Francisco Miranda y Vengoa, periodista y poeta cusqueño. -- Francisco Pizarro, la cusqueña y su madre la coya Inguill. -- El nacimiento del periodismo en el río de la plata a través del telégrafo mercantil. -- Una herencia onerosa la encomienda cusqueña siglo XVI. -- Los prefectos del Cusco siglo XIX. -- Apuntes interculturales para la historia inmediata de Machupicchu las funciones de Hiram Bingham y Albert A. Giesecke. -- Huella y legado de un curaca Don Bartolomé Tupa Hallicalla. -- La mujer indígena andina según un memorial inédito dirigido a Felipe II en 1588. -- El uso del espacio de Nueva Alta. -- Hacia un sistema de archivo de la universidad peruana. -- La mujer y la educación de privilegio en la época inca. -- Un movimiento de cholismo cusqueño. -- Juan Ortiz de Cervantes ni cusqueño ni indigenista. aPeriodismo cusqueño aEncomienda aÉpoca colonial aMachupicchu aCuracas aBarrio de San Pedro aEducación Inka aIndigenismo aAmado Gonzales, Donato aJacques Decoster, Jean aCáceres Olivera, Roberto aMillies, Diana aRuíz de Pardo, Carmen aJulien, Catherine aQuintian, Juan Ignacio aMould de Pease, Mariana aMartín Rubio, Carmen aEsquivel Coronado, Jessica aBalboa Alejandro, Eleodoro aAltamirano Vega, Hugo aCalvo Calvo, Rossano aReinaga Mendívil, César Augusto